Koniec leta

Talentovaná výtvarníčka Deanna prežíva po 20-ročnom manželstve krízu, nielen manželskú, ale aj s dcérou Pilar, ktorá obdivuje a uznáva iba otca.

Bibliographic Details
Main Author: Steel, Danielle, 1947- (Author)
Other Authors: Selecká, Nora (Narrator)
Format: CD Audio
Language:Slovak
English
PhysicalDescription:1 elektronický optický disk (CD-ROM) digitálny, mono, MP3 12 cm
Published: Levoča Slovenská knižnica pre nevidiacich Mateja Hrebendu 2021
ISBN:9788018100776
Subjects:

MARC

LEADER 00000nim a2200000 a 4500
001 vtls012063239
003 SK-MaSNL
005 20260301080443.0
007 sd fsngnnmmnud
008 210726s2021 xo nnnnfs f n slo
015 |a SNBJ2023 
020 |a 9788018100776  |q (zvuková kniha) 
040 |a SNK  |b slo  |c SNK  |e AACR2 
041 1 |a slo  |h eng 
044 |a xo  |c SK 
080 |a (086.76)  |2 2001 
100 1 |a Steel, Danielle,  |d 1947-  |4 aut  |9 192175 
245 1 0 |a Koniec leta  |h elektronický zdroj  |c Danielle Steelová ; číta: Nora Selecká 
260 |a Levoča  |b Slovenská knižnica pre nevidiacich Mateja Hrebendu  |c 2021 
300 |a 1 elektronický optický disk (CD-ROM)  |b digitálny, mono, MP3  |c 12 cm 
306 |a 110000 
520 8 |a Talentovaná výtvarníčka Deanna prežíva po 20-ročnom manželstve krízu, nielen manželskú, ale aj s dcérou Pilar, ktorá obdivuje a uznáva iba otca. 
521 |a pre nevidiacich, slabozrakých a inak zdravotne postihnutých 
655 7 |a zvukové záznamy  |2 SNKPH  |9 70720 
655 7 |a spoločenské romány  |2 SNKPH  |9 70538 
655 7 |a CD-ROM  |2 SNKPH  |9 70236 
700 1 |a Selecká, Nora  |4 nrt  |9 313293 
752 |a Slovensko  |d Levoča 
919 |a 978-80-18-10077-6 
999 |c 653229  |d 655159 
952 |a SNK  |b SNK  |y PREZ  |7 0  |p 17A1528994  |o snkSCD 6219  |i snk2023/7574  |8 0  |0 0  |1 0  |4 0  |d 2023-05-12  |l 0  |r 2026-02-23 18:28:04  |w 2026-02-23